000 00789nam a2200229 i 4500
001 bg
245 0 0 _aSterowniki mikroprocesorowe /
_cpraca pod red. Zbigniewa Świdra.
260 _aRzeszów :
_bOficyna Wydawnicza Politechniki Rzeszowskiej,
_c1999.
300 _a298 s. :
_bil. ;
_c24 cm.
504 _aBibliogr. przy rozdz.
521 _aSkrypt uczelniany dla studentów Wydz. Elektrycznego do wykładów, ćwiczeń audytoryjnych i projektowych z przedmiotu Elektrotechnika.
650 9 _aMikrokontrolery
655 _aPodręczniki akademickie
700 1 _aŚWIDER, Zbigniew.
_eRed.
020 _a8371991061
040 _cBPK
041 0 _apl
080 _a004.31:621.3.049.77](075.8)
920 _a83-7199-106-1
942 _cKS
008 s pl f |000 0 pol
999 _c38811
_d38811
856 _uhttp://koha.tu.koszalin.pl/cgi-bin/koha/opac-detail.pl?biblionumber=38811
_yKatalog online BPK